Traité de droit du travail
Sábháilte in:
| Príomhchruthaitheoirí: | , |
|---|---|
| Formáid: | LEABHAR |
| Teanga: | Fraincis |
| Foilsithe / Cruthaithe: |
París
Dalloz
1950
|
| Ábhair: | |
| Clibeanna: |
Cuir clib leis
Níl clibeanna ann, Bí ar an gcéad duine le clib a chur leis an taifead seo!
|
MARC
| LEADER | 00000nam a2200000 a 4500 | ||
|---|---|---|---|
| 001 | UCS2699 | ||
| 003 | CL-VaPUC | ||
| 008 | 970604e19500000FR |||||||||||||||||fre|d | ||
| 082 | 0 | 4 | |a 344.01 |b DUR |2 21 |
| 100 | 0 | |a Durand, Paul |e author |9 388405 | |
| 700 | 0 | |a Vitu, André |e author |9 388406 | |
| 245 | 1 | 0 | |a Traité de droit du travail |
| 300 | |a v | ||
| 942 | |c BK | ||
| 945 | |d 19970604 00:00:00 |a lriquelm | ||
| 260 | |a París |b Dalloz |c 1950 | ||
| 650 | 7 | |a DERECHO LABORAL |2 CL-VaPUC |9 15 | |
| 650 | 0 | |a Relaciones laborales |9 335971 | |
| 650 | 7 | |a CONTRATO DE TRABAJO |2 CL-VaPUC |9 388407 | |
| 650 | 7 | |a REMUNERACIONES |2 CL-VaPUC |9 371777 | |
| 650 | 0 | |a Término del contrato de trabajo |9 388408 | |
| 583 | |a last modification |c 20170712 04:31:40 |k Rodrigo Vera | ||
| 999 | |c 260637 |d 260635 | ||
| 952 | |0 0 |1 0 |4 0 |6 344_010000000000000_DUR_1950 |7 0 |8 A |9 286891 |a BIBDER |b BIBDER |d 2019-11-19 |h v.2 |i 1863045 |o 344.01 DUR 1950 |p 1863045 |r 2019-11-19 |w 2019-11-19 |y BK |k DER | ||